| 000 | 00762nam a2200253 i 4500 | ||
|---|---|---|---|
| 001 | bg | ||
| 100 | 1 | _aKOŚCIELNY, Czesław | |
| 245 | 1 | 0 |
_aSieci komputerowe : _bskrypt / _cCzesław Kościelny, Tomasz Hebisz, Marek Jackiewicz. |
| 260 |
_aZielona Góra : _bPolitechnika Zielonogórska. Wydaw. Naukowe, _c1999. |
||
| 300 |
_a167 s. : _brys., wykr. ; _c24 cm. |
||
| 504 | _aBibliogr. s. 167. | ||
| 521 | _aDla studentów Wydz. Informatyki. | ||
| 650 | 9 | _aSieć komputerowa | |
| 655 | _aPodręczniki akademickie | ||
| 700 | 1 | _aHEBISZ, Tomasz | |
| 700 | 1 | _aJACKIEWICZ, Marek | |
| 020 | _a8385911804 | ||
| 040 | _cBPK | ||
| 041 | 0 | _apl | |
| 080 | _a004.7(075.8) | ||
| 920 | _a83-85911-80-4 | ||
| 942 | _cKS | ||
| 008 | s pl f |000 0 pol | ||
| 999 |
_c38059 _d38059 |
||
| 856 |
_uhttp://koha.tu.koszalin.pl/cgi-bin/koha/opac-detail.pl?biblionumber=38059 _yKatalog online BPK |
||